Responses for show #4082 - Tuesday, May 7, 2002

2002 Million Dollar Masters quarterfinal game 5.

Contestants

Babu Srinivasan, a history professor at Prairie View A&M University from Houston, Texas

India Cooper, an actor and copy editor from New York City, New York

Robin Carroll, an instructional designer from Marietta, Georgia

Jeopardy! Round responses

PLAY BALL!
FRENCH LIT
WELCOME BACK, CARTER
COMPOSERS
THE NATURAL WORLD
THE NEW YORK TIMES CROSSWORD CLUES
(Alex: These are clues from today's New York Times crossword.)
    $200 15
Rickey Henderson

India
    $200 1
Joan of Arc

India
    $200 8
Jimmy Carter

India
    $200 9
(Johann) Strauss

India
    $200 2
reptiles

India
    $200 3
bats

Robin
    $400 16
(India: What is Valenzuela?)

Martinez

IndiaBabu
    $400 4
Madame Bovary

Robin
    $400 27
Helena Bonham Carter

Robin
    $400 12
Schubert

India
    $400 20
a candle

India
    $400 10
rajah

India
    $1,000 17
(Alex: The Georgia Peach! You are correct, and you have $600.)

Ty Cobb

Babu
    $600 5
3 Musketeers

India
    $600 28
Don Carter

Triple Stumper
    $600 23
Copland

India
    $600 21
a silverback

India
    $600 11
hose

Robin
    $800 18
(Don) Drysdale

Babu
    $800 6
(Babu: Uhh... Who is Goudot?)

Marcel Proust

RobinBabu
    $800 29
Howard Carter

India
    $800 24
(Robin: Who is Rachmaninoff?)
(India: Who is Liszt?)

Béla Bartók

RobinIndia
Triple Stumper
    $800 22
(India: What's a sea turtle?)

the sea cow

India
Triple Stumper
    $800 13
pomelo

Triple Stumper
    $1000 19
Jim Abbott

India
    $1000 7
Saint-Exupery

Robin
    $1000 30
(Babu: Who was Nell Carter?)

Betty Carter

Babu
Triple Stumper
    $1000 25
(Alex: [*], the Gymnopédies, yes.)

(Erik) Satie

India
    $1000 26
the weasel

Triple Stumper
    $1000 14
(Alex: He didn't feel like [*]. Little bit of humor there, folks.)

a million bucks

Triple Stumper

Scores at the first commercial break (after clue 15):

Robin India Babu
$3,000 $2,400 -$800

Scores at the end of the Jeopardy! Round:

Robin India Babu
$2,600 $4,800 $400

Double Jeopardy! Round responses

PLAYBILL
THE 1940s
GREECE
WOMEN IN LABOR
15-LETTER WORDS
THE HEADACHES OF MILLIONAIRES
(Alex: Something you're all aspiring to.)
    $400 7
The Full Monty

Babu
    $400 5
Prince Rainier

India
    $400 17
Delphi

Triple Stumper
    $400 1
(Robin: Who is Gauduin?)
(Alex: Say it again?)
(Robin: I--I said Gauduin, but I know it's--I said it wrong.)
(Alex: Okay, we'll have to penalize you, sorry.)

(Paul) Gauguin

RobinIndia
    $400 2
(Robin: Who are Czechoslovakians?)
...
(Alex: 15-LETTER WORDS, not--we didn't need the "S".)

a Czechoslovakian

RobinBabu
    $400 22
the Riviera

Robin
    $800 14
Neil Simon

Robin
    $800 6
1984

India
    $800 18
(Robin: What is Athens?)

Olympia

RobinBabu
    $800 3
prostitutes

India
    $800 4
cinematographer

Robin
    $800 23
adjusted gross income

India
    $1200 16
(Lee) Strasberg

Babu
    $1200 9
Fagin

Babu
    $1200 19
(Alex: That would be the island of [*].)

Delos

Triple Stumper
    $1200 8
the National Labor Relations Board

Robin
    $1200 11
Americanization

Babu
    $1200 24
Kenneth Lay

Robin
    $5,000 30
(Alex: All right. Trying to put it out of reach. Let's see if you're successful.)

Miss Saigon

India
    $1600 13
(Edward) Hopper

India
    $1600 20
Mykonos

Triple Stumper
    $1600 10
Frances Perkins

India
    $1600 27
(Robin: What is phosphorescence?)
(Babu: What is luminescence?)
...
(Alex: Remember, we're going for a 15-letter word, and that would be [*].)

bioluminescence

RobinBabu
Triple Stumper
    $5,000 25
(Robin: What... is... [*]?)
[Long pause]
(Alex: Yes.)
(Robin: Oh! Thank God!)

baccarat

Robin
    $2000 29
Edward Albee

India
    $2000 15
(Wendell) Willkie

India
    $2000 21
Piraeus

Triple Stumper
    $2000 12
shoemaking

Babu
    $2000 28
(Robin: What is the Ascension?)
(Alex: No. Not enough letters. India.)
(India: What is the Assumption?)
(Alex: No.)
(India: No? Sorry.)
...
(Alex: The painting is called [*].)

The Transfiguration

RobinIndia
Triple Stumper
    $2000 26
Croesus

Robin

Scores at the end of the Double Jeopardy! Round:

Robin India Babu
$8,800 $18,200 $6,000
(lock game)

Final Jeopardy! Round responses

THE OSCARS
(Alex: So, you will be a semifinalist. Come on over here, India Cooper. Congratulations to you. You're comin' back to play for a million dollars. And here are the other semifinalists. The winners of the quarterfinal games, first.)
(Bob: Bob Harris, Los Angeles, California.)
(Brad: Brad Rutter, Lancaster, Pennsylvania.)
(Chuck: Chuck Forrest, London, England.)
(Bob: Bob Verini, Los Angeles, California.)
(Alex: And now, the four wildcard players--the high scorers among nonwinners.)
(Claudia: Claudia Perry, Jersey City, New Jersey.)
(Leslie: Leslie Frates, Hayward, California.)
(Eric: Eric Newhouse, Vermillion, South Dakota.)
(Leslie: Leslie Shannon, Sydney, Australia.)
(Alex: And we're going to have three of them with us onstage at Radio City Music Hall tomorrow in the first of our semifinal games. See you then, everybody, so long!)
BabuWhat are The Right Stuff & Terms of Endearment?
$6,000
RobinWhat are E.T. and Apollo 13?
$3,200
IndiaWhat are Apollo 13 and The Right Stuff?
$100
The Right Stuff & Terms of Endearment

Final scores:

Robin India Babu
$5,600 $18,100 $12,000
3rd place: $10,000 if eliminated Automatic semifinalist 2nd place: $10,000 if eliminated

Game dynamics:

Coryat scores:

Robin India Babu
$5,400 $14,800 $5,600
13 R
(including 1 DD),
6 W
24 R
(including 1 DD),
4 W
10 R
(including 1 DD),
3 W

Combined Coryat: $25,800

The J! Archive is created by fans, for fans. The Jeopardy! game show and all elements thereof, including but not limited to copyright and trademark thereto, are the property of Jeopardy Productions, Inc. and are protected under law. This website is not affiliated with, sponsored by, or operated by Jeopardy Productions, Inc. Join the discussion at JBoard.tv.